• 首页
  • 本馆介绍
  • 公告通知
  • 最新文献
  • 馆藏检索
  • 电子资源
  • 读者导购
  • 参考咨询
  • 我的图书馆
  • 登录
  • 详细信息显示
  • 放入我的书架
  • 预约/预借图书
  • 作者相关作品
  • 分类相关作品
  • 丛书相关作品
  • 出版社相关作品

书目信息

  • 表格格式
  • 工作单格式
  • 卡片格式
题名:
史记讲读
    
 
作者: 王冉冉 著
分册:  
出版信息: 上海   华东师范大学出版社  2006
页数: 254页
开本: 24cm
丛书名: 国学名著讲读系列
单 册:
中图分类: K204.2
科图分类:
主题词:
电子资源:
ISBN: 7-5617-4415-3
000 00861oam2 2200277 450
001 012007111227
005 20071014101406.25
010    @a7-5617-4415-3@dCNY25.00
100    @a20070427d2006 km y0chiy0120 ea
101 0  @achi
102    @aCN@b310000
105    @ay z 000yy
106    @ar
200 1  @a史记讲读@Ashi ji jiang du@f王冉冉著@Fwang ran ran zhu
210    @a上海@c华东师范大学出版社@d2006
215    @a254页@d24cm
225 2  @a国学名著讲读系列
330    @a本书系“国学名著讲读系列”之一,本书稿从《史记》中选入有代表性的文字,加以注释,本书体例有题解,讲析,相关评论等,作为大学生的国学丛书读本,是比较合适的。
461  0 @12001 @a国学名著讲读系列
605    @a史记@x注释
605    @a史记
605    @a注释
690    @aK204.2@v4
701  0 @a王冉冉@Awang ran ran@4著
801  0 @aCN@bRULIN@c20071014
905    @dK204.2@e109@s5
    
    史记讲读/王冉冉著.-上海:华东师范大学出版社,2006
    254页;24cm.-(国学名著讲读系列)
    
    
    ISBN 7-5617-4415-3:CNY25.00
    本书系“国学名著讲读系列”之一,本书稿从《史记》中选入有代表性的文字,加以注释,本书体例有题解,讲析,相关评论等,作为大学生的国学丛书读本,是比较合适的。
●
相关链接 在E读中查询图书 在五车中查询图书 在当当中查询图书 在豆瓣中查询图书


正题名:史记讲读     索取号:K204.2/109         预约/预借

序号 登录号 条形码 馆藏地/架位号 状态 备注
1 0573426   205734268   第二样本阅览室/ [索取号:K204.2/109] 在馆    
2 0573427   205734277   第二借阅区/ [索取号:K204.2/109] 在馆    
3 0573428   205734286   第二借阅区/ [索取号:K204.2/109] 在馆    
4 0573429   205734295   第二借阅区/ [索取号:K204.2/109] 在馆    
5 0573430   205734302   第二借阅区/ [索取号:K204.2/109] 在馆    
唐山师范学院图书馆 欢迎您!
大连网信软件有限公司© 版权所有